000 00839nam a2200265Ia 4500
003 OSt
005 20220928123038.0
006 a|||||r|||| 00| 0
007 ta
008 220927b |||||||| |||| 00| 0 eng d
020 _c4024.9000000000001
024 _a107545
037 _b585, 26/02/2010, Pioneer Book Distributors
_cTextual
040 _aSDCL
_cSDCL
_beng
041 _2eng
_aeng
082 _aXM8:8.1'P, P9
100 _aAras Guler Ed.
_9460052
245 0 _aGlobal perspectives on corporate governance and CSR.
260 _aSurrey
_bGower
_c2009
300 _axix,341p
_ccm.
650 _aFinancial Studies
700 _a Crowther David Ed.
_9452887
942 _hXM8:8.1'P, P9
_cTEXL
_2CC
999 _c773289
_d773289